Sports Quiz

Random Sports or NBA Quiz

NBA 2015 Playoffs 1st Round Game 5 Highest Scorers Quiz Stats

 Plays Quiz not verified by Sporcle

Challenge
Share
Tweet
Embed
Score 0/28 Timer 03:00
0 Plays Today
Team Player Name % Correct
LACBlake Griffin
97.6%
HOUJames Harden
97.6%
MEMMarc Gasol
95.9%
CHIPau Gasol
95.9%
PORDamian Lillard
95.1%
MILMichael Carter-Williams
93.5%
LACChris Paul
93.5%
DALMonta Ellis
90.2%
DALDirk Nowitzki
90.2%
CHIJimmy Butler
89.4%
BKNBrook Lopez
89.4%
ATLAl Horford
88.6%
SASTim Duncan
87.8%
ATLJeff Teague
87.8%
Team Player Name % Correct
HOUDwight Howard
86.2%
BKNJoe Johnson
86.2%
MEMZach Randolph
86.2%
LACDeAndre Jordan
85.4%
ATLKyle Korver
85.4%
SASKawhi Leonard
80.5%
ATLDeMarre Carroll
75.6%
HOUJosh Smith
63.4%
PORC.J. McCollum
62.6%
MILKhris Middleton
60.2%
HOUTerrence Jones
60.2%
BKNJarrett Jack
59.3%
MEMCourtney Lee
56.1%
BKNAlan Anderson
43.1%

You're not logged in!

Compare scores with friends on all Sporcle quizzes.
Join for Free
OR
Log In

You Might Also Like...

Show Comments

Extras

Top Quizzes Today


Score Distribution

Your Account Isn't Verified!

In order to create a playlist on Sporcle, you need to verify the email address you used during registration. Go to your Sporcle Settings to finish the process.

Report this User

Report this user for behavior that violates our Community Guidelines.

Details: